Teoría de la dependencia, teoría del imperialismo y conocimiento de la realidad social latinoamericana; versión preliminar
Sparad:
| Huvudupphovsman: | |
|---|---|
| Materialtyp: | Text |
| Publicerad: |
San José :
|
| Taggar: |
Lägg till en tagg
Inga taggar, Lägg till första taggen!
|
MARC
| LEADER | 00000 a a2200000 04500 | ||
|---|---|---|---|
| 001 | 17389 | ||
| 003 | |||
| 040 | |||
| 090 | |a 003800 | ||
| 100 | |a Pierre - Charles, Gérard | ||
| 245 | |a Teoría de la dependencia, teoría del imperialismo y conocimiento de la realidad social latinoamericana; versión preliminar | ||
| 260 | |a San José : | ||
| 300 | |a 35 p. | ||
| 999 | |c 10707 |d 10707 | ||
